000 00788nam a2200217Ii 4500
003 JO-AjNU
008 230605s9999||||xx |||||||||||||| ||und||
017 _a2003/11/2313
040 _aJO-AjNU
_bara
_erda
_cJO-AjNU
041 _aara
050 1 4 _aG93.F33.2004
100 3 _aمقبل، فهمي توفيق,
_eauthor
_960326
245 0 0 _aدور العرب والمسلمين في اكتشاف العالم الجديد
250 _aط1
264 3 1 _aعمان: دار اسامة للنشر والتوزيع، 2004
300 _a192ص
336 _atext
_btxt
_2rdacontent
337 _aunmediated
_bn
_2rdamedia
338 _avolume
_bnc
_2rdacarrier
650 4 _aالتااريخ الاسلامي - التاريخ الامريكي - الاكتشافات الجغرافية
_960327
999 _aA27196
_c30764
_d30764